000
00289nam a22001337a 4500
008
170608b xxu||||| |||| 00| 0 eng d
020
_a
9780195083040
041
_a
eng
080
_a
327
100
_a
18
101
_a
SHP
245
_a
TALONS OF THE EAGLE
_c
SMITH, P.H
942
_2
udc
_c
BK
999
_c
16469
_d
16469